000 00434nam a2200193Ia 4500
008 240510s9999 xx 000 0 und d
020 _a0000072347619
041 _aEng
082 _a006.6
082 _bL21
100 _aLEACH, J. A.:
245 0 _aAUTOCAD 2000 INSTRUCTOR
260 _bMcGraw-Hill
260 _c2000
300 _a1152 p.
650 _aAUTOCAD : Computer Aided Designing
942 _2ddc
942 _cLBK
999 _c27895
_d27895
945 _a1
_bMadushi Gamage
_c1
_dMadushi Gamage